LEADER 00979nam a2200265 i 4500 001 991004355238407536 005 20241203114502.0 008 241203s2022 it er 001 e ita 020 $a9788815298447 040 $aBibl. Dip.le Aggr. Storia Società Studi sull'Uomo - Sez. Studi Storici 082 04$a323.448 082 04$a303.4833 100 1 $aCouldry, Nick$0476616 240 14$aThe costs of connection 245 03$aIl prezzo della connessione :$bcome i dati colonizzano la nostra vita e se ne appropriano per far soldi /$cNick Couldry, Ulises A. Mejias 260 $aBologna :$bIl mulino,$c2022 300 $a393 p. ;$c22 cm 490 1 $aLe vie della civilta 500 $aTraduzione di Paola Palminiello 650 4$aDati personali$xDiffusione [e] Manipolazione$xEffetti di internet 650 4$aInnovazione tecnologica$xAspetti sociali 700 1 $aMejias, Ulises A. 912 $a991004355238407536 996 $aCosts of connection$94327016 997 $aUNISALENTO